000 00433nam a22001817a 4500
003 MPLRDC
005 20220104113755.0
008 210129b ||||| |||| 00| 0 eng d
020 _a7-5057-0090-1
082 _a857.45 GY-3 v.2
100 _a高阳
245 _a八大胡同
_c
250 _a一版一刷
260 _a
_b中国友谊出版公司
_c1988
300 _b
650 _a历史小说
942 _cBK
_o857.45 GY-3 v.2
999 _c2254
_d2244